000 00241nam a22000857a 4500
008 170603b xxu||||| |||| 00| 0 eng d
100 _93241
_aPrism Publisher
245 _aBig Book of Grandpa moral stories
260 _aNew delhi
_bPrism Stories
_c1997
999 _c6555
_d6555